<?xml version="1.0" encoding="UTF-8"?>
<record
    xmlns:xsi="http://www.w3.org/2001/XMLSchema-instance"
    xsi:schemaLocation="http://www.loc.gov/MARC21/slim http://www.loc.gov/standards/marcxml/schema/MARC21slim.xsd"
    xmlns="http://www.loc.gov/MARC21/slim">

  <leader>00864nab a2200265   4500</leader>
  <controlfield tag="003">BR-BrBNA</controlfield>
  <controlfield tag="005">20241204160406.0</controlfield>
  <controlfield tag="008">241204b        bl.||||| |||| 00| 0 por d</controlfield>
  <datafield tag="040" ind1=" " ind2=" ">
    <subfield code="a">BR-BrBNA</subfield>
    <subfield code="b">por</subfield>
  </datafield>
  <datafield tag="072" ind1=" " ind2=" ">
    <subfield code="a">F01 ; F06 ; D50</subfield>
    <subfield code="b">2120</subfield>
  </datafield>
  <datafield tag="100" ind1=" " ind2=" ">
    <subfield code="a">Fernandes, Andr&#xE9; Lu&#xED;s Teixeira</subfield>
  </datafield>
  <datafield tag="245" ind1=" " ind2=" ">
    <subfield code="a">Irriga&#xE7;&#xE3;o do cafeeiro, uma necessidade - parte 1</subfield>
  </datafield>
  <datafield tag="500" ind1=" " ind2=" ">
    <subfield code="a">3 illus.; 1 table; 1 graphs</subfield>
  </datafield>
  <datafield tag="520" ind1=" " ind2=" ">
    <subfield code="a">MANEJO ADEQUADO DA IRRIGA&#xC7;&#xC3;O</subfield>
  </datafield>
  <datafield tag="520" ind1=" " ind2=" ">
    <subfield code="a">COBRAN&#xC7;A PELO USO DA &#xC1;GUA</subfield>
  </datafield>
  <datafield tag="650" ind1=" " ind2=" ">
    <subfield code="a">CAF&#xC9;</subfield>
  </datafield>
  <datafield tag="650" ind1=" " ind2=" ">
    <subfield code="a">IRRIGA&#xC7;&#xC3;O POR ASPERS&#xC3;O</subfield>
  </datafield>
  <datafield tag="650" ind1=" " ind2=" ">
    <subfield code="a">IRRIGA&#xC7;&#xC3;O LOCALIZADA</subfield>
  </datafield>
  <datafield tag="650" ind1=" " ind2=" ">
    <subfield code="a">PRODUTIVIDADE</subfield>
  </datafield>
  <datafield tag="650" ind1=" " ind2=" ">
    <subfield code="a">MANEJO DA &#xC1;GUA</subfield>
  </datafield>
  <datafield tag="650" ind1=" " ind2=" ">
    <subfield code="a">LEGISLA&#xC7;&#xC3;O</subfield>
  </datafield>
  <datafield tag="773" ind1="0" ind2=" ">
    <subfield code="0">4820</subfield>
    <subfield code="9">344645</subfield>
    <subfield code="d">Votuporanga/SP IRRIGAZINE 2009</subfield>
    <subfield code="o">2024-4981</subfield>
    <subfield code="t">Irrigazine (Brazil)</subfield>
    <subfield code="g">v. 6(21) p. 18-21; (May 2011)</subfield>
    <subfield code="w">BR2024003757</subfield>
  </datafield>
  <datafield tag="942" ind1=" " ind2=" ">
    <subfield code="c">ANA</subfield>
  </datafield>
  <datafield tag="999" ind1=" " ind2=" ">
    <subfield code="c">329032</subfield>
    <subfield code="d">329032</subfield>
  </datafield>
</record>
